| 000 | 00799nam a2200229 i 4500 | ||
|---|---|---|---|
| 001 | 129664 | ||
| 003 | ES-MaACL | ||
| 005 | 20240221121719.0 | ||
| 007 | t| | ||
| 008 | 070702s1954 sp ||||1| spa d | ||
| 100 | 1 |
_aZoller, Albert. _9118336 |
|
| 245 | 1 | 0 |
_aDoce años al lado de Hitler _b: (confidencias de una secretaria del Führer) / _cAlbert Zoller ; [traducción de Arístides Gamboa]. |
| 250 | _a[1ª ed.]. | ||
| 260 |
_aBarcelona : _bSímbolo, _c[1954] ( _fDiamante) |
||
| 300 |
_a235 p. : _bil. ; _c19 cm. |
||
| 490 | 1 |
_aColección biográfica Diamante ; _v3 |
|
| 600 | 1 | 4 |
_aHitler, Adolf, _d1889-1945 _963836 |
| 700 | 1 |
_aGamboa, Aristides. _953763 |
|
| 830 | 0 |
_aColección biográfica Diamante ; _v3 _9231274 |
|
| 852 |
_aES-MaACL _jC-7955 _bR.36834 |
||
| 999 |
_c129664 _d129664 |
||